000 00309nam a2200121Ia 4500
008 191201s2003 xx 000 0 und d
100 _aMicrosoft, Press
245 0 _aMS Internet and Networking Dictionary
260 _aN.Delhi
_bPrentice Hall
_c2003
300 _a327
650 _aB.Tech(IT)
942 _2ddc
_cBK
999 _c3243
_d3243